Zahraničný obchod liečivých rastlín na Slovensku

Informovanie o situácii v zahraničnom obchode Slovenska s liečivými rastlinami a možnosti jeho rozvoja. vybrané druhy liečivých rastlín a ich nákupné ceny. Údaje o dovoze a vývoze liečivých rastlín v Európe.

Saved in:
Bibliographic Details
Main Author: Stričík, Michal, 1969-
Other Authors: Šalamon, Ivan
Format: Book Chapter
Language:Slovak
Subjects:
Tags: Add Tag
No Tags, Be the first to tag this record!

MARC

LEADER 00000naa$a2200000$$$4500
001 0087749
005 20240502072002.4
041 0 |a slo 
044 |a SK 
245 1 0 |a Zahraničný obchod liečivých rastlín na Slovensku  |c Michal Stričík, Ivan Šalamon 
520 |a Informovanie o situácii v zahraničnom obchode Slovenska s liečivými rastlinami a možnosti jeho rozvoja. vybrané druhy liečivých rastlín a ich nákupné ceny. Údaje o dovoze a vývoze liečivých rastlín v Európe. 
610 2 0 |a obchod zahraničný 
610 2 0 |a Slovensko 
610 2 0 |a liečivá 
610 2 0 |a rastliny liečivé 
610 2 0 |a ceny 
610 2 0 |a ceny nákupné 
100 1 |a Stričík, Michal, 1969- 
700 1 |a Šalamon, Ivan